000 00500nam a2200181Ia 4500
005 20250326125840.0
008 250326s9999 xx 000 0 und d
037 _aTextbook
040 _aFMSL
_beng
_cFMSL
041 _aeng
_2eng
084 _aX:74 N4
_qFMSL
100 _aT I H R
_9739805
245 0 _aSocial research and a national policy for science
_cT I H R
260 _aLondon
_bLondon, Tavistock
_c1964
300 _a44p
942 _cTB
_hX:74 N4
999 _c1279857
_d1279857